<?xml version="1.0" encoding="UTF-8"?>
<marc:record xmlns:marc="http://www.loc.gov/MARC21/slim">
   <marc:leader>00000nam a2200000 a 4500</marc:leader>
   <marc:datafield ind1="1" ind2=" " tag="100">
      <marc:subfield code="a">Kessner, Larissa</marc:subfield>
      <marc:subfield code="4">aut</marc:subfield>
      <marc:subfield code="e">Verfasser/-in</marc:subfield>
   </marc:datafield>
   <marc:datafield ind1="1" ind2=" " tag="100">
      <marc:subfield code="a">Braukmann, Melanie</marc:subfield>
      <marc:subfield code="4">aut</marc:subfield>
      <marc:subfield code="e">Verfasser/-in</marc:subfield>
   </marc:datafield>
   <marc:datafield ind1="1" ind2=" " tag="100">
      <marc:subfield code="a">Brüggemann, Ingrid</marc:subfield>
      <marc:subfield code="4">aut</marc:subfield>
      <marc:subfield code="e">Verfasser/-in</marc:subfield>
   </marc:datafield>
   <marc:datafield ind1="1" ind2=" " tag="100">
      <marc:subfield code="a">Grünwald, Susanne</marc:subfield>
      <marc:subfield code="4">ctb</marc:subfield>
      <marc:subfield code="e">Mitwirkende/-r</marc:subfield>
   </marc:datafield>
   <marc:datafield ind1=" " ind2=" " tag="653">
      <marc:subfield code="a">Softcover / Ratgeber/Essen</marc:subfield>
   </marc:datafield>
   <marc:datafield ind1=" " ind2=" " tag="653">
      <marc:subfield code="a">Trinken</marc:subfield>
   </marc:datafield>
   <marc:datafield ind1="0" ind2="0" tag="245">
      <marc:subfield code="a">SchmExperten in der Lernküche</marc:subfield>
   </marc:datafield>
   <marc:datafield ind1="0" ind2="0" tag="245">
      <marc:subfield code="b">Ernährungsbildung in den Klassen 6 bis 8</marc:subfield>
   </marc:datafield>
   <marc:datafield ind1="0" ind2="0" tag="245">
      <marc:subfield code="c">Text Larissa Kessner ; Melanie Braukmann ; Ingrid Brüggemann. Unter Mitarb. von Susanne Grünwald]. AID. [Hrsg. vom AID-Infodienst Ernährung, Landwirtschaft, Verbraucherschutz e.V.</marc:subfield>
   </marc:datafield>
   <marc:datafield ind1=" " ind2="1" tag="264">
      <marc:subfield code="a">Bonn</marc:subfield>
      <marc:subfield code="b">AID-Infodienst Ernährung, Landwirtschaft, Verbraucherschutz</marc:subfield>
      <marc:subfield code="c">2015</marc:subfield>
   </marc:datafield>
   <marc:datafield ind1=" " ind2=" " tag="250">
      <marc:subfield code="a">2. Aufl.</marc:subfield>
   </marc:datafield>
   <marc:datafield ind1="1" ind2=" " tag="520">
      <marc:subfield code="a">Angaben aus der Verlagsmeldung

SchmExperten in der Lernküche - Ernährungsbildung in den Klassen 6 bis 8 / von Larissa Kessner, Melanie Braukmann, Susanne Grünwald

Mehr als Kochen! Mit den Unterrichtsbausteinen für die Lernküche werden Schüler zu SchmExperten! Sie können Lebensmittel und Küchengeräte erforschen, ihre Sinne schulen, selbstständig warme Speisen zubereiten und Rezepte kreativ variieren. Das Medienpaket mit CD enthält sieben ausgearbeitete Unterrichtvorschläge für die Klassen 6 bis 8, alle benötigten Unterlagen und "Die Küchenkartei". Die Übungen, Rezepte und Experimente lassen sich flexibel kombinieren und anpassen. In dem Baustein zur Ernährungs- und Verbraucherbildung stehen neben der Zubereitung von Speisen auch Themen wie Hygiene, Esskultur und Klimaschutz im Fokus. Grundlegende Küchen- und Hygienetechniken können sich die Schüler mit der beiliegenden Küchenkartei selbst aneignen.
</marc:subfield>
   </marc:datafield>
   <marc:datafield ind1=" " ind2=" " tag="020">
      <marc:subfield code="a">9783830810469</marc:subfield>
      <marc:subfield code="9">9783830810469</marc:subfield>
   </marc:datafield>
   <marc:datafield ind1=" " ind2=" " tag="041">
      <marc:subfield code="a">ger</marc:subfield>
   </marc:datafield>
   <marc:datafield ind1=" " ind2=" " tag="300">
      <marc:subfield code="a">274 S.</marc:subfield>
   </marc:datafield>
</marc:record>
